| 000 | 00389 a2200133 4500 | ||
|---|---|---|---|
| 040 |
_aDLC _bDLC |
||
| 082 | _a297.124 | ||
| 100 | _aBukhari, Muhammad Bin Ismaiel | ||
| 245 |
_aSahih Bukhari Sharif (Vol I) _cMuhammad Bin Ismaiel Bukhari _h[Urdu] |
||
| 260 |
_aLahore: _bMuktaba Rehmania, _c1999. |
||
| 300 |
_a1157 p. ; _c 25 cm. |
||
| 650 | _aHadith (Collection) | ||
| 942 |
_cBK _k297.124 BUK _2ddc |
||
| 999 |
_c7274 _d7274 |
||